The 8088 and 8086 Mcroprocessors - Programming interfacing, Software, Hardware appl. (Record no. 93)

MARC details
000 -LEADER
fixed length control field 00441nam a22001577a 4500
005 - DATE AND TIME OF LATEST TRANSACTION
control field 20180203105700.0
008 - FIXED-LENGTH DATA ELEMENTS--GENERAL INFORMATION
fixed length control field 160427b xxu||||| |||| 00| 0 eng d
020 ## - INTERNATIONAL STANDARD BOOK NUMBER
ISBN 81-203-2207-X
041 ## - LANGUAGE CODE
Language code of text/sound track or separate title eng
082 ## - DEWEY DECIMAL CLASSIFICATION NUMBER
Item number 00281
Classification number 004.165
100 ## - MAIN ENTRY--AUTHOR NAME
Personal name Triebel, Walter A.
245 ## - TITLE STATEMENT
Title The 8088 and 8086 Mcroprocessors - Programming interfacing, Software, Hardware appl.
260 ## - PUBLICATION, DISTRIBUTION, ETC. (IMPRINT)
Place of publication New Delhi
Name of publisher PHI Pvt Ltd.
Year of publication 2004
300 ## - PHYSICAL DESCRIPTION
Number of Pages 1019
942 ## - ADDED ENTRY ELEMENTS (KOHA)
Koha item type Books
Holdings
Lost status Damaged status Collection code Home library Current library Shelving location Date acquired Source of acquisition Cost, normal purchase price Full call number Accession Number Koha item type
    CS/IT JRU Library JRU Library SHELF-48-J 27/04/2016 PURCHASE 350.00 004.165 00281 Books
    CS/IT JRU Library JRU Library SHELF-48-J 27/04/2016 PURCHASE 350.00 004.165 00282 Books